Pla de sanejament de Catalunya : zona 5 : any 1982 / Generalitat de Catalunya zona 5 :
Publicado:
Barcelona :
[Departament de Política Territorial i Obres Públiques, Junta de Sanejament] ,
1982
Descripción Física:
132 p. : amb map. pleg. ; 29 cm
Otros Autores:
Catalunya. Junta de Sanejament
MARC
| LEADER | 00000nam a2200000Ia 4500 | ||
|---|---|---|---|
| 001 | 1466 | ||
| 008 | 160829s1982 xx 000 0 cat d | ||
| 080 | |a C-2-47 | ||
| 100 | |a Pla de Sanejament de Catalunya |9 20616 | ||
| 245 | |a Pla de sanejament de Catalunya : |b zona 5 : |b any 1982 / Generalitat de Catalunya | ||
| 260 | |a Barcelona : |b [Departament de Política Territorial i Obres Públiques, Junta de Sanejament], |c 1982 | ||
| 300 | |a 132 p. : |b amb map. pleg. ; |c 29 cm | ||
| 650 | 0 | |a Aigües residuals |x Depuració |z Barcelona (Província) |9 20730 | |
| 700 | |a Catalunya. Junta de Sanejament |9 20619 | ||
| 901 | |a Arxiu | ||
| 942 | |n 1 | ||
| 952 | |0 0 |1 0 |4 0 |6 C247 |7 1 |9 41610 |a Arxiu |b Arxiu |d 2016-12-01 |l 0 |o C-2-47 |p 1466 |r 2016-12-01 00:00:00 |w 2016-12-01 |y ARXIU | ||
| 999 | |c 43500 |d 43500 | ||